| 000 | 00415nam a2200157Ia 4500 | ||
|---|---|---|---|
| 999 |
_c2487 _d2487 |
||
| 003 | OSt | ||
| 005 | 20210708152005.0 | ||
| 008 | 151015s9999 xx 000 0 und d | ||
| 020 | _a131820494 | ||
| 040 |
_cMMU _aMMU _beng _dMMU |
||
| 050 | _aG 155 .A1N437 1996 | ||
| 100 | _aNickerson Norma Polovitz | ||
| 245 | _aFoundations of tourism | ||
| 260 |
_aNew Jersey : _bPrentice Hall, _c1996. |
||
| 942 |
_2lcc _cLOAN LOAN |
||